Rubber toughened plastics (Record no. 40092)

MARC details
000 -LEADER
fixed length control field 00417nam a2200157Ia 4500
082 ## - DEWEY DECIMAL CLASSIFICATION NUMBER
Classification number 678.5
Item number RIE
245 #0 - TITLE STATEMENT
Title Rubber toughened plastics
260 ## - PUBLICATION, DISTRIBUTION, ETC. (IMPRINT)
Place of publication Washington
Name of publisher ACS
Year of publication 1989
490 ## - SERIES STATEMENT
Series statement Advancees in chemistry series 222
650 ## - SUBJECT ADDED ENTRY--TOPICAL TERM
Topical Term Epoxy resin
650 ## - SUBJECT ADDED ENTRY--TOPICAL TERM
Topical Term Rubber toughened plastics
650 ## - SUBJECT ADDED ENTRY--TOPICAL TERM
Topical Term Styrene polymers
700 ## - ADDED ENTRY--PERSONAL NAME
Personal name Riew, C Keith
942 ## - ADDED ENTRY ELEMENTS (KOHA)
Koha item type Books
Holdings
Withdrawn status Lost status Damaged status Not for loan Home library Current library Date acquired Cost, normal purchase price Full call number Accession Number Koha item type
        RRII Library RRII Library 16/12/2021 107.95 678.5 RIE 20407 Books